<?xml version="1.0" encoding="UTF-8"?>
<record
    xmlns:xsi="http://www.w3.org/2001/XMLSchema-instance"
    xsi:schemaLocation="http://www.loc.gov/MARC21/slim http://www.loc.gov/standards/marcxml/schema/MARC21slim.xsd"
    xmlns="http://www.loc.gov/MARC21/slim">

  <leader>02010nam a22002897a 4500</leader>
  <controlfield tag="003">SEM</controlfield>
  <controlfield tag="005">20220608072427.0</controlfield>
  <controlfield tag="008">171225b        xxu||||| |||| 00| 0 eng d</controlfield>
  <datafield tag="020" ind1=" " ind2=" ">
    <subfield code="a">9789081926409</subfield>
  </datafield>
  <datafield tag="040" ind1=" " ind2=" ">
    <subfield code="a">&#x54D;&#x537;&#x544;</subfield>
    <subfield code="c">&#x54D;&#x537;&#x544;</subfield>
  </datafield>
  <datafield tag="041" ind1="1" ind2=" ">
    <subfield code="a">eng.</subfield>
    <subfield code="a">arm.</subfield>
  </datafield>
  <datafield tag="080" ind1=" " ind2=" ">
    <subfield code="a">002(47.925)/L-23</subfield>
  </datafield>
  <datafield tag="100" ind1="1" ind2=" ">
    <subfield code="a">Lane John A.</subfield>
    <subfield code="q">(&#x53C;&#x565;&#x575;&#x576; &#x54B;&#x578;&#x576; &#x531;.)</subfield>
  </datafield>
  <datafield tag="245" ind1="1" ind2="0">
    <subfield code="a">The diaspora of Armenian printing. 1512-2012=&#x540;&#x561;&#x575;&#x56F;&#x561;&#x56F;&#x561;&#x576; &#x563;&#x580;&#x561;&#x57F;&#x57A;&#x578;&#x582;&#x569;&#x575;&#x561;&#x576; &#x57D;&#x583;&#x575;&#x578;&#x582;&#x57C;&#x584;&#x568;: 1512-2012 &#x569;&#x569;.: /</subfield>
    <subfield code="c">J. Lane; Trl.: A. M. Martirosjan-Mattaar; Edt.: S. van der Veen, N. Atabekyan</subfield>
  </datafield>
  <datafield tag="246" ind1="1" ind2="1">
    <subfield code="a">&#x540;&#x561;&#x575;&#x56F;&#x561;&#x56F;&#x561;&#x576; &#x563;&#x580;&#x561;&#x57F;&#x57A;&#x578;&#x582;&#x569;&#x575;&#x561;&#x576; &#x57D;&#x583;&#x575;&#x578;&#x582;&#x57C;&#x584;&#x568;:</subfield>
    <subfield code="b">1512-2012 &#x569;&#x569;.:</subfield>
  </datafield>
  <datafield tag="260" ind1=" " ind2=" ">
    <subfield code="a">Amsterdam:</subfield>
    <subfield code="a">Yerevan:</subfield>
    <subfield code="b">Bijzondere collecties,</subfield>
    <subfield code="c">2012.</subfield>
  </datafield>
  <datafield tag="300" ind1=" " ind2=" ">
    <subfield code="a">222 p.;</subfield>
    <subfield code="b">ill.; notes; letters;</subfield>
    <subfield code="c">24 cm.</subfield>
  </datafield>
  <datafield tag="500" ind1=" " ind2=" ">
    <subfield code="a">[Armenia, the alphabet and the art of printing. Armenians print for themselves and Catholics print to covert them. Scholarly and not so scholarly printing offices. Armenian printing offices spread but falter. Armenian printing in Amsterdam. The Amsterdam press moves to Livorno, Marseille and Constantinople, and a new press begins in Amsterdam. Venice and Amsterdam revisited. Armenian printing spreads around the world and reaches the homeland. Scholars, Protestant Missions, the Armenian Apostolic Church and Bible Societies. Westernization, advertising, new fashions ... and Jesuits!] </subfield>
  </datafield>
  <datafield tag="504" ind1=" " ind2=" ">
    <subfield code="a">Notes p.: 210-215; Select. list of sources p.: 216-217; Chron. of Armenian print. centres p.: 218; Sources for the ill. p.: 219-230.</subfield>
  </datafield>
  <datafield tag="650" ind1=" " ind2=" ">
    <subfield code="a">Armenian printing</subfield>
  </datafield>
  <datafield tag="700" ind1="1" ind2=" ">
    <subfield code="a">Martirosjan-Mattaar  Anna Maria</subfield>
    <subfield code="4">trl.</subfield>
    <subfield code="q">(&#x544;&#x561;&#x580;&#x57F;&#x56B;&#x580;&#x578;&#x57D;&#x575;&#x561;&#x576;-&#x544;&#x561;&#x57F;&#x57F;&#x561;&#x561;&#x580; &#x531;&#x576;&#x576;&#x561; &#x544;&#x561;&#x580;&#x56B;&#x561;)</subfield>
  </datafield>
  <datafield tag="700" ind1="1" ind2=" ">
    <subfield code="a">Veen Sytze van der</subfield>
    <subfield code="4">edt.</subfield>
    <subfield code="q">(&#x54E;&#x565;&#x575;&#x576; &#x54D;&#x56B;&#x57F;&#x566;&#x565; &#x57E;&#x561;&#x576; &#x564;&#x565;&#x580;)</subfield>
  </datafield>
  <datafield tag="700" ind1="1" ind2=" ">
    <subfield code="a">Atabekyan Nerses</subfield>
    <subfield code="4">edt.</subfield>
    <subfield code="q">(&#x531;&#x569;&#x561;&#x562;&#x565;&#x56F;&#x575;&#x561;&#x576; &#x546;&#x565;&#x580;&#x57D;&#x565;&#x57D;)</subfield>
  </datafield>
  <datafield tag="852" ind1=" " ind2=" ">
    <subfield code="d">81</subfield>
  </datafield>
  <datafield tag="852" ind1=" " ind2=" ">
    <subfield code="d">81</subfield>
  </datafield>
  <datafield tag="942" ind1=" " ind2=" ">
    <subfield code="2">udc</subfield>
    <subfield code="c">BK</subfield>
  </datafield>
  <datafield tag="999" ind1=" " ind2=" ">
    <subfield code="c">55723</subfield>
    <subfield code="d">55723</subfield>
  </datafield>
  <datafield tag="952" ind1=" " ind2=" ">
    <subfield code="0">0</subfield>
    <subfield code="1">0</subfield>
    <subfield code="2">udc</subfield>
    <subfield code="4">0</subfield>
    <subfield code="7">0</subfield>
    <subfield code="8">&#x533;&#x580;&#x561;&#x57A;&#x561;&#x570;&#x578;&#x581;</subfield>
    <subfield code="a">SEM</subfield>
    <subfield code="b">SEM</subfield>
    <subfield code="d">2017-12-25</subfield>
    <subfield code="g">2350.00</subfield>
    <subfield code="i">E-6407</subfield>
    <subfield code="l">0</subfield>
    <subfield code="o">002(47.925)/L-23</subfield>
    <subfield code="p">E-6407</subfield>
    <subfield code="r">2017-12-25</subfield>
    <subfield code="w">2017-12-25</subfield>
    <subfield code="y">BK</subfield>
    <subfield code="z">&#x54D;&#x57A;&#x561;&#x57D;&#x561;&#x580;&#x56F;&#x57E;&#x578;&#x582;&#x574; &#x567; 30 &#x585;&#x580;</subfield>
  </datafield>
  <datafield tag="952" ind1=" " ind2=" ">
    <subfield code="0">0</subfield>
    <subfield code="1">0</subfield>
    <subfield code="2">udc</subfield>
    <subfield code="4">0</subfield>
    <subfield code="7">0</subfield>
    <subfield code="8">&#x533;&#x580;&#x561;&#x57A;&#x561;&#x570;&#x578;&#x581;</subfield>
    <subfield code="a">SEM</subfield>
    <subfield code="b">SEM</subfield>
    <subfield code="d">2017-12-25</subfield>
    <subfield code="g">2350.00</subfield>
    <subfield code="i">E-3665</subfield>
    <subfield code="l">0</subfield>
    <subfield code="o">002(47.925)/L-23</subfield>
    <subfield code="p">E-3665</subfield>
    <subfield code="r">2017-12-25</subfield>
    <subfield code="w">2017-12-25</subfield>
    <subfield code="y">BK</subfield>
    <subfield code="z">&#x54D;&#x57A;&#x561;&#x57D;&#x561;&#x580;&#x56F;&#x57E;&#x578;&#x582;&#x574; &#x567; 30 &#x585;&#x580;</subfield>
  </datafield>
  <datafield tag="952" ind1=" " ind2=" ">
    <subfield code="0">0</subfield>
    <subfield code="1">0</subfield>
    <subfield code="2">udc</subfield>
    <subfield code="4">0</subfield>
    <subfield code="7">0</subfield>
    <subfield code="8">&#x533;&#x580;&#x561;&#x57A;&#x561;&#x570;&#x578;&#x581;</subfield>
    <subfield code="a">SEM</subfield>
    <subfield code="b">SEM</subfield>
    <subfield code="d">2017-12-25</subfield>
    <subfield code="g">2350.00</subfield>
    <subfield code="i">E-3667</subfield>
    <subfield code="l">0</subfield>
    <subfield code="o">002(47.925)/L-23</subfield>
    <subfield code="p">E-3667</subfield>
    <subfield code="r">2017-12-25</subfield>
    <subfield code="w">2017-12-25</subfield>
    <subfield code="y">BK</subfield>
    <subfield code="z">&#x54D;&#x57A;&#x561;&#x57D;&#x561;&#x580;&#x56F;&#x57E;&#x578;&#x582;&#x574; &#x567; 30 &#x585;&#x580;</subfield>
  </datafield>
  <datafield tag="952" ind1=" " ind2=" ">
    <subfield code="0">0</subfield>
    <subfield code="1">0</subfield>
    <subfield code="2">udc</subfield>
    <subfield code="4">0</subfield>
    <subfield code="7">0</subfield>
    <subfield code="8">&#x533;&#x580;&#x561;&#x57A;&#x561;&#x570;&#x578;&#x581;</subfield>
    <subfield code="a">SEM</subfield>
    <subfield code="b">SEM</subfield>
    <subfield code="d">2017-12-25</subfield>
    <subfield code="g">2350.00</subfield>
    <subfield code="i">E-3666</subfield>
    <subfield code="l">0</subfield>
    <subfield code="o">002(47.925)/L-23</subfield>
    <subfield code="p">E-3666</subfield>
    <subfield code="r">2017-12-25</subfield>
    <subfield code="w">2017-12-25</subfield>
    <subfield code="y">BK</subfield>
    <subfield code="z">&#x54D;&#x57A;&#x561;&#x57D;&#x561;&#x580;&#x56F;&#x57E;&#x578;&#x582;&#x574; &#x567; &#x568;&#x576;&#x569;&#x565;&#x580;&#x581;&#x561;&#x57D;&#x580;&#x561;&#x570;</subfield>
  </datafield>
</record>
